Discurso del Rector con motivo de la Cuenta Anual. Claustro Pleno Ordinario 1999

Guardat en:
Dades bibliogràfiques
Autor corporatiu: Universidad Católica de Valparaíso (Autor)
Format: Llibre
Idioma:espanyol
Publicat: Valparaíso Dirección de Extensión y Difusión 1999
Edició:1a. ed
Col·lecció:Cuentas de Rectoría, 1999
Matèries:
Etiquetes: Afegir etiqueta
Sense etiquetes, Sigues el primer a etiquetar aquest registre!

MARC

LEADER 00000nam a2200000 a 4500
001 UCJ6924
003 CL-VaPUC
005 20250228153016.0
008 070124e19990812CL |||||||||||||||||spa|d
999 |c 323026  |d 323024 
040 |c Pontificia Universidad Católica de Valparaíso 
082 0 4 |a 378  |b UNI  |2 21 
110 2 |a Universidad Católica de Valparaíso  |e author  |9 514566 
245 1 0 |a Discurso del Rector con motivo de la Cuenta Anual. Claustro Pleno Ordinario 1999 
250 |a 1a. ed 
260 |a Valparaíso  |b Dirección de Extensión y Difusión  |c 1999 
300 |a 40 p 
490 0 |a Cuentas de Rectoría, 1999 
583 |a last modification  |c 20070124 00:00:00  |k Rodrigo Vera 
600 |a Muga Naredo, Alfonso,  |d 1944-  |9 869109 
650 0 |a Claustro Pleno UCV 1999  |9 514567 
650 0 |a Archivo histórico PUCV  |9 255554 
942 |c BK  |2 ddc 
945 |d 20070124 00:00:00  |a rinostro 
952 |0 0  |1 0  |4 0  |6 378_000000000000000_UNI_1999  |7 0  |8 X  |9 402257  |a FDOBUD  |b FDOBUD  |d 2019-11-22  |i 1055151  |o 378 UNI 1999  |p 1055151  |r 2019-11-22  |w 2019-11-22  |y BK_X  |k FHP 
952 |0 0  |1 0  |4 0  |6 378_000000000000000_UNI_1999  |7 0  |8 X  |9 402258  |a FDOBUD  |b FDOBUD  |d 2019-11-22  |i 1069934  |o 378 UNI 1999  |p 1069934  |r 2019-11-22  |w 2019-11-22  |y BK_X  |k FHP